000 00391nam a2200157Ia 4500
008 220805s9999 xx 000 0 und d
020 _a978-84-96969-03-2
041 _aeng
082 _a747.8022
100 _aPogade, Daniela
_989133
260 _bLinks
_c2009
245 _aThe new office planning and design
250 _a1
300 _a269
650 _aInterior design and plan
_989134
999 _c49054
_d49054